Statistics for vcha - y.o.universe lyrics

Click here to take the quiz!

General Stats

  • This quiz has been taken 11 times
  • The average score is 195 of 321

Answer Stats

Answer% Correct
the
100%
a
80%
about
80%
and
80%
And
80%
be
80%
by
80%
Crazy
80%
Do
80%
Don't
80%
don't
80%
down
80%
dreams
80%
drowning
80%
full
80%
go
80%
I
80%
in
80%
In
80%
it
80%
let
80%
lights
80%
me
80%
no
80%
No
80%
O
80%
of
80%
on
80%
On
80%
one
80%
scared
80%
Show
80%
stare
80%
stars
80%
street
80%
Suitcase
80%
There's
80%
these
80%
think
80%
U
80%
Underneath
80%
universe
80%
up,
80%
up
80%
Watching
80%
we
80%
We
80%
we're
80%
what
80%
When
80%
when
80%
who
80%
Y
80%
Yeah
80%
yeah
80%
You
80%
you
80%
your
80%
are
60%
but
60%
feel
60%
hear
60%
here
60%
let's
60%
Looking
60%
much
60%
oh
60%
our
60%
roll
60%
special
60%
special?
60%
taxi
60%
Thinking
60%
All
40%
all
40%
backseat
40%
best
40%
brought
40%
built
40%
bye
40%
east
40%
'em
40%
end
40%
for
40%
freak
40%
from
40%
girls
40%
God
40%
gotta
40%
head
40%
high
40%
I'll
40%
inside
40%
It's
40%
Just
40%
just
40%
know
40%
like
40%
low
40%
my
40%
nights
40%
out
40%
replaceable?
40%
replaceable
40%
right
40%
saying
40%
shine
40%
side
40%
Slow
40%
so
40%
So
40%
Some
40%
Thank
40%
that
40%
Throw
40%
time
40%
voice
40%
was
40%
west
40%
woah
40%
Woah
40%
worst
40%
worth
40%
beat
20%
Boom
20%
boom
20%
deserve
20%
fast
20%
follow
20%
friends
20%
get
20%
have
20%
heart
20%
regrets
20%
to
20%
you're
20%
Already
0%
always
0%
bass
0%
claps
0%
drum
0%
forget
0%
we'll
0%
with
0%

Score Distribution

Percentile by Number Answered

Percent of People with Each Score

Your Score History

You have not taken this quiz